Del feudo a la Economía Nacional (Record no. 31573)

MARC details
000 -LEADER
campo de control de longitud fija 00646nam a2200181 i 4500
001 - NÚMERO DE CONTROL
campo de control 31573
003 - IDENTIFICADOR DE NÚMERO DE CONTROL
campo de control ES-MaACL
007 - CAMPO FIJO DE DESCRIPCIÓN FÍSICA--INFORMACIÓN GENERAL
campo de control de longitud fija t|
008 - DATOS DE LONGITUD FIJA--INFORMACIÓN GENERAL
campo de control de longitud fija 030129s1953 sp ||||1| spa d
100 1# - ENTRADA PRINCIPAL--NOMBRE DE PERSONA
Nombre de persona Beneyto, Juan.
9 (RLIN) 27558
245 10 - MENCIÓN DEL TÍTULO
Título Del feudo a la Economía Nacional
Resto del título : el ensanchamiento del ámbito económico en su proyección histórico-política /
Mención de responsabilidad, etc. Juan Beneyto.
260 ## - PUBLICACIÓN, DISTRIBUCIÓN, ETC.
Lugar de publicación, distribución, etc. Madrid :
Nombre del editor, distribuidor, etc. Aguilar,
Fecha de publicación, distribución, etc. [1953] (
Fabricante Ograma)
300 ## - DESCRIPCIÓN FÍSICA
Extensión XVI, 185 p. ;
Dimensiones 19 cm.
490 1# - MENCIÓN DE SERIE
Mención de serie Biblioteca de ciencias sociales
830 00 - PUNTO DE ACCESO ADICIONAL DE SERIE-TÍTULO UNIFORME
Título uniforme Biblioteca de ciencias sociales (Aguilar)
9 (RLIN) 220462
852 ## - LOCALIZACIÓN
Ubicación ES-MaACL
Número de control de estantería C-7400
Sublocalización o colección R.35732
Holdings
Estatus retirado Estado de pérdida Estado de daño No para préstamo Biblioteca de origen Biblioteca actual Ubicación en estantería Fecha de adquisición Fuente de adquisición Total de préstamos Signatura topográfica completa Código de barras Visto por última vez Precio de reemplazo Tipo de ítem Koha
        Biblioteca del Ateneo de Madrid Biblioteca del Ateneo de Madrid Sala Palomar 17/01/2008     C-7400 1032629 23/02/2023 23/02/2023 Libro impreso